00346 a2200145 450000100060000002000180000604000240002410000370004824000300008524500250011530000070014036200090014744000130015665000310016969103 a9788537302798 cAnchieta - Itaigara aBarros, Elisa Maria Rands Coelho10aA descoberta de Kikolpor10aA descoberta de Kiko a320 a2007 1aBagaço 4aLiteratura infanto-juvenil